Towards engineering nanoporous platinum thin films for highly efficient catalytic applications /
Сохранить в:
| Другие авторы: | , , , , , , |
|---|---|
| Формат: | Статья |
| Язык: | English |
| Предметы: | |
| Метки: |
Добавить метку
Нет меток, Требуется 1-ая метка записи!
|
| Thư viện lưu trữ: | Thư viện Trường Đại học Đà Lạt |
|---|
| LEADER | 01072nam a2200361 4500 | ||
|---|---|---|---|
| 001 | DLU110130714 | ||
| 005 | ##20111223 | ||
| 040 | # | # | |a DLU |b eng |
| 041 | # | # | |a eng |
| 044 | # | # | |a gw |
| 245 | # | # | |a Towards engineering nanoporous platinum thin films for highly efficient catalytic applications / |c Hyun Young Jung ... [et al.]. |
| 653 | # | # | |a Binary alloys |
| 653 | # | # | |a Catalysis |
| 653 | # | # | |a Dealloying |
| 653 | # | # | |a Electro-oxidation |
| 653 | # | # | |a Nanoporous platinum |
| 700 | # | # | |a Byun, Ji Young. |
| 700 | # | # | |a Chun, Hyun Kyung. |
| 700 | # | # | |a Jung, Hyun Young. |
| 700 | # | # | |a Jung, Yung Joon. |
| 700 | # | # | |a Kim, Do Hyung. |
| 700 | # | # | |a Kim, Sang Hoon. |
| 700 | # | # | |a Lim, Chae Sun. |
| 773 | # | # | |t Advanced Energy Materials |g Vol. 1, no. 6 (November 2011), p. 1126-1132 |
| 920 | # | # | |a Phòng Tạp chí -- Trung tâm Thông tin - Thư viện Trường Đại học Đà Lạt |
| 994 | # | # | |a DLU |
| 900 | # | # | |a True |
| 911 | # | # | |a Trương Bảo Trâm Anh |
| 925 | # | # | |a G |
| 926 | # | # | |a A |
| 927 | # | # | |a BB |
| 980 | # | # | |a Thư viện Trường Đại học Đà Lạt |